2000 años de cristianismo. (Registro nro. 37747)

Detalles MARC
000 -LEADER
campo de control de longitud fija 02094cam a22005054i 4500
003 - IDENTIFICADOR DE NÚMERO DE CONTROL
campo de control PE-LiUPU
005 - FECHA Y HORA DE LA ÚLTIMA TRANSACCIÓN
campo de control 20250731173202.0
008 - DATOS DE LONGITUD FIJA--INFORMACIÓN GENERAL
campo de control de longitud fija 1980s99999999sp a rb 001 0 spa d
020 ## - NÚMERO INTERNACIONAL ESTÁNDAR DEL LIBRO
Número Internacional Estándar del Libro 8430534973 (Tomo III)
035 ## - NÚMERO DE CONTROL DEL SISTEMA
Número de control de sistema PE-LiUPU00037496
040 ## - FUENTE DE CATALOGACIÓN
Centro catalogador/agencia de origen PE-LiUPU
Lengua de catalogación spa
Centro/agencia transcriptor PE-LiUPU
Normas de descripción rda
082 ## - NÚMERO DE LA CLASIFICACIÓN DECIMAL DEWEY
Número de clasificación 270.9
Cutter C934d
Número de edición 23
245 00 - MENCIÓN DEL TÍTULO
Título 2000 años de cristianismo.
Resto del título la aventura cristiana entre el pasado y el futuro /
Mención de responsabilidad, etc. [Comité editorial: Jesús Domigo, Arsenio Huergo, Jose Luis Romero, Carlos Pascual]
264 #1 - PRODUCCIÓN, PUBLICACIÓN, DISTRIBUCIÓN, FABRICACIÓN Y COPYRIGHT
Producción, publicación, distribución, fabricación y copyright Madrid :
Nombre del de productor, editor, distribuidor, fabricante Sedmay Ediciones ;
-- Société d'Histoire Chrétienne,
Fecha de producción, publicación, distribución, fabricación o copyright 1980?-1983?
300 ## - DESCRIPCIÓN FÍSICA
Extensión 6 Tomos :
Otras características físicas ilustraciones, retratos ;
Dimensiones 31 cm
336 ## - TIPO DE CONTENIDO
Término de tipo de contenido text
Fuente rdacontent
337 ## - TIPO DE MEDIO
Nombre/término del tipo de medio unmediated
Fuente rdamedia
338 ## - TIPO DE SOPORTE
Nombre/término del tipo de soporte volume
Fuente rdacarrier
500 ## - NOTA GENERAL
Nota general La biblioteca posee los tomos 3 y 6
500 ## - NOTA GENERAL
Nota general Publicado originalmente en francés.
504 ## - NOTA DE BIBLIOGRAFÍA, ETC.
Nota de bibliografía, etc. Incluye referencias bibliográficas al final de cada dossier.
505 0# - NOTA DE CONTENIDO CON FORMATO
Título Tomo III:
Nota de contenido con formato La cristiandad en auge -- ¿El fin de la cristiandad? -- La cristiandad a prueba -- Los movimientos carismáticos -- Nacimiento de las órdenes mendicantes -- Los cristianos y la gestión del mundo.
505 0# - NOTA DE CONTENIDO CON FORMATO
Título Tomo VI:
Nota de contenido con formato La Reforma católica -- Sacerdotes hoy -- Fe e iglesia en el barroco -- La fascinación espiritual en el oriente -- Expansión mundial del cristianismo -- Las iglesias en América Latina.
526 ## - NOTA DE INFORMACIÓN SOBRE EL PROGRAMA DE ESTUDIO
Nombre del programa Segunda Especialidad En Profecías Bíblicas
526 ## - NOTA DE INFORMACIÓN SOBRE EL PROGRAMA DE ESTUDIO
Nombre del programa Segunda Especialidad En Nuevo Testamento
526 ## - NOTA DE INFORMACIÓN SOBRE EL PROGRAMA DE ESTUDIO
Nombre del programa Segunda Especialidad En Antiguo Testamento
526 ## - NOTA DE INFORMACIÓN SOBRE EL PROGRAMA DE ESTUDIO
Nombre del programa Segunda Especialidad En Estudios Adventistas
526 ## - NOTA DE INFORMACIÓN SOBRE EL PROGRAMA DE ESTUDIO
Nombre del programa Doctorado en teología
526 ## - NOTA DE INFORMACIÓN SOBRE EL PROGRAMA DE ESTUDIO
Nombre del programa Maestría en teología histórica
526 ## - NOTA DE INFORMACIÓN SOBRE EL PROGRAMA DE ESTUDIO
Nombre del programa Maestría en teología bíblica
526 ## - NOTA DE INFORMACIÓN SOBRE EL PROGRAMA DE ESTUDIO
Nombre del programa Maestría en teología
526 ## - NOTA DE INFORMACIÓN SOBRE EL PROGRAMA DE ESTUDIO
Nombre del programa Maestría en misionología
526 ## - NOTA DE INFORMACIÓN SOBRE EL PROGRAMA DE ESTUDIO
Nombre del programa Maestría en liderazgo eclesiástico
526 ## - NOTA DE INFORMACIÓN SOBRE EL PROGRAMA DE ESTUDIO
Nombre del programa Teología
650 14 - PUNTO DE ACCESO ADICIONAL DE MATERIA--TÉRMINO DE MATERIA
Término de materia o nombre geográfico como elemento de entrada Cristianismo
Subdivisión general Historia.
9 (RLIN) 3142
650 24 - PUNTO DE ACCESO ADICIONAL DE MATERIA--TÉRMINO DE MATERIA
Término de materia o nombre geográfico como elemento de entrada Iglesia y sociedad
Subdivisión general Historia.
9 (RLIN) 5897
700 ## - ENTRADA AGREGADA--NOMBRE PERSONAL
Nombre de persona Domingo, Jesús,
Término indicativo de función/relación editor.
9 (RLIN) 5931
700 ## - ENTRADA AGREGADA--NOMBRE PERSONAL
Nombre de persona Huergo, Arsenio,
Término indicativo de función/relación editor.
9 (RLIN) 5932
700 ## - ENTRADA AGREGADA--NOMBRE PERSONAL
Nombre de persona Romero, José Luis,
Término indicativo de función/relación editor.
9 (RLIN) 5933
700 ## - ENTRADA AGREGADA--NOMBRE PERSONAL
Nombre de persona Pascual, Carlos,
Término indicativo de función/relación editor.
9 (RLIN) 5934
710 ## - ENTRADA AGREGADA--NOMBRE DE ENTIDAD CORPORATIVA
Nombre de entidad corporativa o nombre de jurisdicción como elemento de entrada Sedmay Ediciones,
Término indicativo de función/relación editor.
9 (RLIN) 5900
710 ## - ENTRADA AGREGADA--NOMBRE DE ENTIDAD CORPORATIVA
Nombre de entidad corporativa o nombre de jurisdicción como elemento de entrada Société d'Histoire Chrétienne,
Término indicativo de función/relación editor.
9 (RLIN) 5901
942 ## - ELEMENTOS DE ENTRADA SECUNDARIOS (KOHA)
Fuente del sistema de clasificación o colocación Clasificación Decimal Dewey
Tipo de ítem Koha Libros físicos
980 ## - EQUIVALENCIA O REFERENCIA-CRUZADA-MENCIÓN DE SERIE--NOMBRE DE PERSONA/TÍTULO [LOCAL, CANADÁ]
ID del último usuario que modificó el registro 1
Nombre del último usuario que modificó el registro ALBERTO SANCHEZ Responsable de Automatización
Existencias
Visto por última vez Número de inventario Total de préstamos Signatura topográfica completa Código de barras Copia número Fecha de reemplazo Facultad Tipo de ítem Koha Nota pública Estado de pérdida Fuente del sistema de clasificación o colocación Especificación de materiales (volumen encuadernado u otra parte) Restricciones de uso No para préstamo Colección Programa académico Biblioteca de origen Biblioteca actual Ubicación en estantería Fecha de adquisición Fuente de adquisición
2025-12-02 6   270.9 C934d 37497 e1 2015-06-25 Teología Libros físicos inventario-2023-12-13 No Perdido Clasificación Decimal Dewey t6 No restringido Disponible para préstamos Colección General Teología Biblioteca CRAI UPeU Lima Biblioteca CRAI UPeU Lima Estante de Libros Grandes 2015-06-25 COMPRA
2025-12-02 6   270.9 C934d 37496 e1 2015-06-25 Teología Libros físicos inventario-2023-12-13 No Perdido Clasificación Decimal Dewey t3 No restringido Disponible para préstamos Colección General Teología Biblioteca CRAI UPeU Lima Biblioteca CRAI UPeU Lima Estante de Libros Grandes 2015-06-25 COMPRA